000 00633nam a22001937a 4500
999 _c180588
_d180588
005 20210812112100.0
010 _aENG-129835
020 _c575.00
_a978-0-19-948936-7
035 _aEN-113367
037 _bDBAD/PUB
082 _a344.54096
100 _aSen, Ronojoy
245 _aArticles of Faith:
_bReligion, Secularism, and the Indian Supreme Court/
_cRonojoy Sen
250 _a2019
260 _bOxford University press
_c2019
_aNew Delhi
270 _a2/11 Ground floor,Ansari Road,Daryaganj
_bNew Delhi
_e110002
300 _a253 p.
_c22cm (hbk)
_bBibiliography, Index
942 _2ddc
_cEN
_h344.54096
_kSEN